[Event "12sen.WM-H Naumburg"]
[Site "Naumburg/Saale(20.10.-03.11.)"]
[Date "2002.11.02"]
[Round "11"]
[White "Schuler, Georg"]
[Black "Burreh, Heinz"]
[Result "1-0"]
[WhiteElo "2148"]
[BlackElo "1826"]
[PlyCount "63"]
[EventDate "2002.11.??"]

1. c4 e5 2. Nc3 c6 3. Nf3 d6 4. d4 exd4 5. Qxd4 Qf6 6. Be3 Qxd4 7. Bxd4 Be6 8.
e4 Nd7 9. O-O-O Ngf6 10. b3 Be7 11. Bd3 O-O 12. h3 Ne8 13. Be3 Bf6 14. Kc2 a6
15. Nd4 Nc5 16. Be2 Bd7 17. Bg4 Bxg4 18. hxg4 Nc7 19. f3 Rfd8 20. Nf5 Be5 21.
g5 g6 22. Nh6+ Kf8 23. Ng4 Bg7 24. Rxh7 N5e6 25. Rdh1 Ke7 26. f4 Rh8 27. f5
gxf5 28. exf5 Rxh7 29. f6+ Kd7 30. Rxh7 Rh8 31. fxg7 Rg8 32. Nf6+ 1-0

[Event "12sen.WM-H Naumburg"]
[Site "Naumburg/Saale(20.10.-03.11.)"]
[Date "2002.11.02"]
[Round "11"]
[White "Schwertel, Johann"]
[Black "Lundberg, Gunnar"]
[Result "1/2-1/2"]
[WhiteElo "2061"]
[BlackElo "1972"]
[PlyCount "23"]
[EventDate "2002.11.??"]

1. d4 Nf6 2. Nf3 g6 3. Bf4 d5 4. c3 Bg7 5. e3 O-O 6. Be2 Re8 7. Ne5 Nbd7 8.
Nxd7 Nxd7 9. Bf3 c6 10. Nd2 e5 11. dxe5 Nxe5 12. Be2 1/2-1/2

[Event "12sen.WM-H Naumburg"]
[Site "Naumburg/Saale(20.10.-03.11.)"]
[Date "2002.11.02"]
[Round "11"]
[White "Schwichtenberg, Juergen"]
[Black "Theuermeister, Peter"]
[Result "1/2-1/2"]
[WhiteElo "1633"]
[BlackElo "1728"]
[PlyCount "59"]
[EventDate "2002.11.??"]

1. b4 Nf6 2. b5 c5 3. e3 d5 4. c4 Bg4 5. Be2 Bxe2 6. Qxe2 dxc4 7. Qxc4 Nbd7 8.
Bb2 e6 9. Nf3 Nb6 10. Qc2 Be7 11. O-O Qd7 12. a4 Rd8 13. d4 cxd4 14. Bxd4 Rc8
15. Qb3 Qc7 16. Nbd2 Qc2 17. a5 Qxb3 18. Nxb3 Nbd5 19. Rfc1 O-O 20. g3 b6 21.
Ne5 Ne4 22. Nc6 Bc5 23. Nxa7 Ra8 24. Nc6 Bxd4 25. Ncxd4 e5 26. Nc6 Nec3 27. Kf1
f6 28. Ne7+ Nxe7 29. Rxc3 bxa5 30. Rxa5 1/2-1/2

[Event "12sen.WM-H Naumburg"]
[Site "Naumburg/Saale(20.10.-03.11.)"]
[Date "2002.11.02"]
[Round "11"]
[White "Shestoperov, Alexej"]
[Black "Petkevitch, Josef"]
[Result "1/2-1/2"]
[WhiteElo "2464"]
[BlackElo "2439"]
[PlyCount "35"]
[EventDate "2002.11.??"]

1. d4 Nf6 2. c4 g6 3. Nc3 Bg7 4. e4 d6 5. Nf3 O-O 6. Be2 e5 7. O-O Nc6 8. d5
Ne7 9. b4 Nh5 10. Re1 a5 11. bxa5 Rxa5 12. a4 c5 13. Ra3 Nf6 14. Nh4 Ne8 15. g3
f5 16. exf5 gxf5 17. f4 Ng6 18. Ng2 1/2-1/2

[Event "12sen.WM-H Naumburg"]
[Site "Naumburg/Saale(20.10.-03.11.)"]
[Date "2002.11.02"]
[Round "11"]
[White "Shlakman, Itzhak"]
[Black "Packroff, Hermann"]
[Result "1/2-1/2"]
[WhiteElo "2127"]
[BlackElo "2262"]
[PlyCount "52"]
[EventDate "2002.11.??"]

1. d4 Nf6 2. c4 g6 3. Nc3 d5 4. Nf3 Bg7 5. e3 O-O 6. Qb3 c6 7. Be2 dxc4 8. Bxc4
b5 9. Be2 Be6 10. Qc2 Na6 11. a3 h6 12. O-O Nc7 13. Ne5 Qd6 14. Bf3 Ncd5 15.
Bd2 Rac8 16. Rfc1 a6 17. Nxd5 cxd5 18. Qd1 Bd7 19. Bb4 Qe6 20. h3 Ne4 21. Nd3
f5 22. Rxc8 Rxc8 23. Rc1 Kf7 24. Rxc8 Bxc8 25. Qc2 Qd7 26. b3 e6 1/2-1/2

[Event "12sen.WM-H Naumburg"]
[Site "Naumburg/Saale(20.10.-03.11.)"]
[Date "2002.11.02"]
[Round "11"]
[White "Simon, Eberhard"]
[Black "Kummer, Heinz"]
[Result "1/2-1/2"]
[WhiteElo "1819"]
[BlackElo "2051"]
[PlyCount "81"]
[EventDate "2002.11.??"]

1. e4 c5 2. Nc3 d6 3. f4 e6 4. Nf3 a6 5. a4 Nf6 6. d4 cxd4 7. Nxd4 Be7 8. Be2
Qc7 9. O-O Nc6 10. Be3 O-O 11. Kh1 e5 12. fxe5 dxe5 13. Nf5 Rd8 14. Nxe7+ Nxe7
15. Qe1 Be6 16. Qg3 Ng6 17. Bg5 Rac8 18. h4 Kf8 19. h5 Nf4 20. h6 Nxe2 21.
hxg7+ Kg8 22. Qh4 Nxc3 23. Bxf6 Rd7 24. bxc3 Qxc3 25. Rad1 Qc5 26. Rxd7 Bxd7
27. Be7 Qc6 28. Rf6 Qxc2 29. Rh6 Qc1+ 30. Kh2 Qf4+ 31. Qxf4 exf4 32. Bf8 Rc6
33. Rh5 Re6 34. Rd5 Bc6 35. Rd8 Re8 36. Rd4 Bxe4 37. Kh3 Bf5+ 38. Kh4 b5 39.
axb5 axb5 40. Rxf4 Re4 41. Kg5 1/2-1/2

[Event "12sen.WM-H Naumburg"]
[Site "Naumburg/Saale(20.10.-03.11.)"]
[Date "2002.11.02"]
[Round "11"]
[White "Skjoenberg, Sverre"]
[Black "Joch, Horst"]
[Result "0-1"]
[WhiteElo "1544"]
[BlackElo "1654"]
[PlyCount "54"]
[EventDate "2002.11.??"]

1. c4 e6 2. Nc3 d5 3. cxd5 exd5 4. d4 Nf6 5. g3 Be7 6. Bg2 O-O 7. Bg5 h6 8.
Bxf6 Bxf6 9. e3 c6 10. Nge2 Re8 11. O-O Nd7 12. Qc2 Nb6 13. b3 Be6 14. Rac1 Qd7
15. Rfe1 Bf5 16. Qd2 Nc8 17. Na4 Be7 18. Nc5 Bxc5 19. Rxc5 Nd6 20. Rcc1 Re7 21.
Nc3 Rae8 22. Qb2 Bh3 23. Bh1 Nf5 24. Qd2 h5 25. e4 dxe4 26. Rxe4 Nxd4 27. Rxd4
Qxd4 0-1

[Event "12sen.WM-H Naumburg"]
[Site "Naumburg/Saale(20.10.-03.11.)"]
[Date "2002.11.02"]
[Round "11"]
[White "Suchsland, Helmut_Dr"]
[Black "Jahr, Dieter"]
[Result "0-1"]
[WhiteElo "1786"]
[BlackElo "2045"]
[PlyCount "78"]
[EventDate "2002.11.??"]

1. e4 c5 2. b4 cxb4 3. Bb2 d6 4. d4 e6 5. Nf3 Nf6 6. Bd3 Be7 7. O-O O-O 8. c4
bxc3 9. Nxc3 Bd7 10. Qe2 Nc6 11. e5 Ne8 12. exd6 Bxd6 13. Ne4 Be7 14. Rad1 Nb4
15. Bb1 Nd5 16. Ne5 Ba4 17. Rc1 a6 18. Qf3 f6 19. Nd3 b6 20. Rfe1 f5 21. Nc3
Nxc3 22. Rxc3 Nc7 23. Nf4 Bd7 24. Rce3 Bb4 25. Rc1 Bd2 26. Rxc7 Qxc7 27. Nxe6
Bxe6 28. Rxe6 Rac8 29. g3 Bc1 30. Qd5 Kh8 31. Bxf5 Bxb2 32. Bxh7 Qf7 33. f4
Bxd4+ 34. Kg2 Kxh7 35. Qe4+ Kg8 36. Re7 Qxa2+ 37. Kf3 Bf6 38. Rd7 Qb3+ 39. Kg2
Qc2+ 0-1

[Event "12sen.WM-H Naumburg"]
[Site "Naumburg/Saale(20.10.-03.11.)"]
[Date "2002.11.02"]
[Round "11"]
[White "Thuma, Horst"]
[Black "Filzmaier, Bruno"]
[Result "0-1"]
[WhiteElo "1678"]
[BlackElo "2012"]
[PlyCount "76"]
[EventDate "2002.11.??"]

1. e4 e6 2. d4 d5 3. Nd2 dxe4 4. Nxe4 Nf6 5. Bd3 Nbd7 6. Nf3 h6 7. O-O Nxe4 8.
Bxe4 Nf6 9. Bd3 Bd6 10. Re1 O-O 11. c3 c5 12. dxc5 Bxc5 13. Be3 Qc7 14. Bxc5
Qxc5 15. Qe2 b6 16. Rad1 Bb7 17. Bb1 Rfd8 18. Ne5 Kf8 19. c4 Ke7 20. Rxd8 Rxd8
21. Kf1 Rd4 22. f3 Qd6 23. Bd3 Nd7 24. Nxd7 Rxd3 25. Ne5 Rd2 26. Qe3 f6 27. Ng4
Rxb2 28. Re2 Rxe2 29. Qxe2 Ba6 30. Ne3 Qxh2 31. Nd5+ Kf7 32. Nb4 Qh1+ 33. Kf2
Qh4+ 34. Ke3 Bxc4 35. Qd2 Qg5+ 36. f4 Qc5+ 37. Kf3 Bd5+ 38. Kg3 a5 0-1

[Event "12sen.WM-H Naumburg"]
[Site "Naumburg/Saale(20.10.-03.11.)"]
[Date "2002.11.02"]
[Round "11"]
[White "Tochtermann, Georg_Dr"]
[Black "Neumann, Horst"]
[Result "1/2-1/2"]
[WhiteElo "1878"]
[BlackElo "2035"]
[PlyCount "24"]
[EventDate "2002.11.??"]

1. e4 c6 2. d4 d5 3. exd5 cxd5 4. Bd3 Nc6 5. c3 Nf6 6. Nf3 Qc7 7. Qc2 h6 8.
Nbd2 Bd7 9. Nf1 e6 10. Be3 Bd6 11. N1d2 Rc8 12. a3 O-O 1/2-1/2

[Event "12sen.WM-H Naumburg"]
[Site "Naumburg/Saale(20.10.-03.11.)"]
[Date "2002.11.02"]
[Round "11"]
[White "Uhlmann, Wolfgang"]
[Black "Donchenko, Anatoli"]
[Result "1/2-1/2"]
[WhiteElo "2440"]
[BlackElo "2448"]
[PlyCount "57"]
[EventDate "2002.11.??"]

1. c4 e6 2. Nc3 d5 3. d4 Nf6 4. Nf3 dxc4 5. e3 c5 6. Bxc4 a6 7. Qe2 b5 8. Bd3
Nbd7 9. a4 b4 10. Ne4 Bb7 11. Ng3 Bd6 12. O-O O-O 13. b3 cxd4 14. exd4 a5 15.
Rd1 Qb8 16. Bd2 Bd5 17. Rab1 h6 18. Ne1 Qb7 19. f3 Qb6 20. Be3 Rfc8 21. Ne4 Be7
22. Bf2 Nh5 23. g3 Nhf6 24. Ng2 Qb7 25. Nf4 Bc6 26. Rbc1 Nd5 27. Nxd5 Bxd5 28.
Rxc8+ Qxc8 29. Rb1 1/2-1/2

[Event "12sen.WM-H Naumburg"]
[Site "Naumburg/Saale(20.10.-03.11.)"]
[Date "2002.11.02"]
[Round "11"]
[White "Unzicker, Wolfgang"]
[Black "Semasev, Kim"]
[Result "1/2-1/2"]
[WhiteElo "2432"]
[BlackElo "2274"]
[PlyCount "59"]
[EventDate "2002.11.??"]

1. e4 d6 2. d4 Nf6 3. Nc3 g6 4. f4 Bg7 5. Nf3 O-O 6. e5 Nfd7 7. Bc4 Nb6 8. Bb3
Na6 9. Ne4 c5 10. dxc5 Nxc5 11. Nxc5 dxc5 12. Qxd8 Rxd8 13. Be3 Nd5 14. O-O-O
Be6 15. Bxd5 Bxd5 16. Bxc5 e6 17. Be3 Rdc8 18. a3 b5 19. Rhg1 Bf8 20. Kd2 Bc5
21. Bxc5 Bxf3 22. gxf3 Rxc5 23. c3 a5 24. Ke3 b4 25. axb4 axb4 26. cxb4 Rb5 27.
Rd4 Rab8 28. b3 Rxb4 29. Rxb4 Rxb4 30. Rb1 1/2-1/2

[Event "12sen.WM-H Naumburg"]
[Site "Naumburg/Saale(20.10.-03.11.)"]
[Date "2002.11.02"]
[Round "11"]
[White "Vogel, Alfred[37Soemm]"]
[Black "Mietner, Franz"]
[Result "1-0"]
[WhiteElo "1916"]
[BlackElo "1742"]
[PlyCount "171"]
[EventDate "2002.11.??"]

1. e4 c6 2. d4 d5 3. e5 Bf5 4. g4 Be4 5. f3 Bg6 6. h4 h6 7. Nh3 e6 8. Nf4 Bh7
9. Bd3 Bxd3 10. Qxd3 Qa5+ 11. Bd2 Qa6 12. Qe3 Nd7 13. Nd3 Rc8 14. f4 c5 15. c3
c4 16. Nc1 Ne7 17. O-O h5 18. g5 Nf5 19. Qh3 Be7 20. Ne2 Qb5 21. Bc1 Qb6 22. a4
a6 23. Nd2 Nb8 24. Ng3 Ne3 25. Rf3 Nc2 26. Rb1 Ne1 27. Rf1 Nd3 28. f5 Nd7 29.
fxe6 Qxe6 30. Nf5 Rg8 31. Qf3 Kd8 32. b4 g6 33. Ne3 Nb6 34. a5 Na4 35. Qxd5+
Ke8 36. Qxe6 fxe6 37. Ne4 Kd7 38. Bd2 Rgf8 39. Rxf8 Bxf8 40. Ra1 Nab2 41. Rf1
Be7 42. Rf7 Rf8 43. Nf6+ Kd8 44. Rg7 Nf4 45. Ng2 Nh3+ 46. Kf1 Nd3 47. Rxg6 Bxf6
48. gxf6 Nhf2 49. Bh6 Rf7 50. Rg8+ Kd7 51. Nf4 Ne4 52. Nxd3 cxd3 53. c4 Nxf6
54. Rg7 Rxg7 55. Bxg7 Ng4 56. Ke1 Ne3 57. Kd2 Nf5 58. Bf6 Nxd4 59. Kxd3 Nc6 60.
Kc3 Kc7 61. Kb3 b6 62. axb6+ Kxb6 63. Kc3 a5 64. b5 Nb8 65. Bd8+ Kc5 66. Bxa5
Nd7 67. Bb4+ Kb6 68. Bd6 Ka5 69. Bc7+ Ka4 70. b6 Nc5 71. Bd6 Nb7 72. c5 Kb5 73.
Kd4 Kc6 74. Ke4 Nd8 75. Kd4 Nf7 76. Kc4 Nh6 77. Be7 Nf5 78. Bg5 Ng3 79. Kb4 Ne4
80. Be3 Kb7 81. Ka5 Nc3 82. c6+ Kxc6 83. Ka6 Nd5 84. Bd4 Ne7 85. b7 Kc7 86.
Bb6+ 1-0

[Event "12sen.WM-H Naumburg"]
[Site "Naumburg/Saale(20.10.-03.11.)"]
[Date "2002.11.02"]
[Round "11"]
[White "Vucenovic, Dragomir"]
[Black "Hoeschele, Hans_Ulrich"]
[Result "1-0"]
[WhiteElo "2279"]
[BlackElo "2159"]
[PlyCount "56"]
[EventDate "2002.11.??"]

1. Nf3 Nf6 2. g3 d5 3. Bg2 c6 4. d4 g6 5. O-O Bg7 6. b3 O-O 7. Bb2 b6 8. Nbd2
Ne4 9. Ne1 Nd6 10. c4 Bb7 11. Nd3 Nd7 12. Qc2 Rb8 13. Rad1 Nf5 14. e3 Bh6 15.
e4 dxe4 16. Nxe4 Bg7 17. Nf4 Qc8 18. d5 Bxb2 19. Qxb2 Nc5 20. Nc3 e5 21. dxe6
Nxe6 22. Ne4 Nfg7 23. Nf6+ Kh8 24. Nxe6 Qxe6 25. Nd7 Kg8 26. Rfe1 Qf5 27. Re5
Qxe5 28. Qxe5 Rbd8 1-0

[Event "12sen.WM-H Naumburg"]
[Site "Naumburg/Saale(20.10.-03.11.)"]
[Date "2002.11.02"]
[Round "11"]
[White "Waisberg, Arnold"]
[Black "Broberg, Horst"]
[Result "1/2-1/2"]
[WhiteElo "2063"]
[BlackElo "2157"]
[PlyCount "90"]
[EventDate "2002.11.??"]

1. e4 e6 2. d4 d5 3. Nd2 Nf6 4. Bd3 c5 5. exd5 Qxd5 6. Ngf3 Nc6 7. dxc5 Bxc5 8.
Nb3 Bb6 9. Qe2 Bd7 10. Bg5 h6 11. Bxf6 gxf6 12. O-O-O Qh5 13. Kb1 Na5 14. Nfd4
Qxe2 15. Bxe2 Nxb3 16. axb3 O-O-O 17. f4 e5 18. fxe5 fxe5 19. Nf3 f6 20. Rd6
Rhf8 21. Nh4 Kc7 22. Rhd1 Bc8 23. Rxd8 Rxd8 24. Rxd8 Kxd8 25. Bd3 Bg1 26. h3
Ke7 27. Nf5+ Bxf5 28. Bxf5 Kd6 29. Be4 b6 30. c3 h5 31. g4 h4 32. Kc2 a5 33.
Kd3 Kc5 34. Bb7 Bh2 35. Bc8 Bf4 36. Bb7 Bg5 37. Bg2 Kd6 38. Bb7 Kc5 39. Bg2 b5
40. Bb7 b4 41. Bg2 Bc1 42. Kc2 Bf4 43. Kd3 Bc1 44. Kc2 Bf4 45. Kd3 Bc1 1/2-1/2

[Event "12sen.WM-H Naumburg"]
[Site "Naumburg/Saale(20.10.-03.11.)"]
[Date "2002.11.02"]
[Round "11"]
[White "Weigel, Helmut"]
[Black "Schumacher, Ursula"]
[Result "1-0"]
[WhiteElo "1581"]
[BlackElo "1528"]
[PlyCount "85"]
[EventDate "2002.11.??"]

1. d4 c6 2. c4 d5 3. e3 Bf5 4. Bd3 Bxd3 5. Qxd3 e6 6. Nf3 Nd7 7. Bd2 Ngf6 8.
O-O Be7 9. Nc3 O-O 10. cxd5 cxd5 11. Rac1 Rc8 12. Rfe1 a6 13. Ne2 Ne4 14. Rxc8
Qxc8 15. Rc1 Qb8 16. Qc2 Nxd2 17. Qxd2 Rc8 18. Rxc8+ Qxc8 19. Qc3 Qc6 20. Qxc6
bxc6 21. Nc1 c5 22. Nd3 c4 23. Nc1 a5 24. Kf1 a4 25. a3 h6 26. Ke1 Kf8 27. Na2
Bd6 28. h3 Ke8 29. Kd2 Kd8 30. Nc3 Nb6 31. Nb5 Be7 32. Ne5 f6 33. Nc6+ Kd7 34.
Nxe7 Kxe7 35. Kc3 Kd7 36. Kb4 Kc6 37. Nc3 g5 38. Nxa4 Nd7 39. Nc5 Nf8 40. a4
Kb6 41. a5+ Ka7 42. Kb5 e5 43. Kc6 1-0

[Event "12sen.WM-H Naumburg"]
[Site "Naumburg/Saale(20.10.-03.11.)"]
[Date "2002.11.02"]
[Round "11"]
[White "Will, Michael"]
[Black "Fries, Karl_Heinz"]
[Result "1-0"]
[WhiteElo "2077"]
[BlackElo "1727"]
[PlyCount "85"]
[EventDate "2002.11.??"]

1. c4 e6 2. Nc3 d5 3. d4 f5 4. e3 Nf6 5. Nf3 c6 6. Bd2 Bd6 7. Be2 O-O 8. c5 Bc7
9. b4 a6 10. a4 Ne4 11. b5 axb5 12. axb5 Rxa1 13. Qxa1 Nxd2 14. Nxd2 Ba5 15. b6
Bxc3 16. Qxc3 Qg5 17. O-O f4 18. e4 Qh6 19. e5 g5 20. f3 Qg7 21. Ra1 h5 22. h3
Bd7 23. Ra8 Qe7 24. Ra7 Bc8 25. Nb3 h4 26. Na5 Rd8 27. Bd1 Qg7 28. Ba4 Qh7 29.
Bc2 Qe7 30. Qd3 Kf8 31. Qh7 Qxh7 32. Bxh7 Ke8 33. Bd3 Na6 34. Bxa6 bxa6 35. b7
Bxb7 36. Rxb7 Kf8 37. Nxc6 Ra8 38. Na7 Ke8 39. Rh7 Rd8 40. Nc6 Rc8 41. Rh8+ Kd7
42. Rxc8 Kxc8 43. Kf2 1-0

[Event "12sen.WM-H Naumburg"]
[Site "Naumburg/Saale(20.10.-03.11.)"]
[Date "2002.11.02"]
[Round "11"]
[White "Zhelesny, Stanislav"]
[Black "Dorawa, Bernhard"]
[Result "1/2-1/2"]
[WhiteElo "2229"]
[BlackElo "2148"]
[PlyCount "114"]
[EventDate "2002.11.??"]

1. Nf3 Nf6 2. g3 b6 3. Bg2 Bb7 4. O-O c5 5. c4 g6 6. Nc3 Bg7 7. d4 cxd4 8. Qxd4
Nc6 9. Qd3 O-O 10. e4 Ng4 11. Bd2 Rc8 12. b3 d6 13. Rac1 Nge5 14. Qb1 Nxf3+ 15.
Bxf3 Nd4 16. Bd1 f5 17. f3 Qd7 18. Qd3 fxe4 19. fxe4 Rxf1+ 20. Qxf1 Rf8 21. Qg2
Nc6 22. h3 Bd4+ 23. Kh2 Rf2 24. Bg4 Rxg2+ 25. Kxg2 Qe8 26. Nd5 h5 27. Nc7 Qf8
28. Be6+ Kh7 29. Rf1 Bf6 30. Bd5 Nd8 31. g4 Bxd5 32. exd5 Qg8 33. g5 Be5 34.
Rf3 e6 35. a4 exd5 36. cxd5 Qg7 37. Ne6 Nxe6 38. dxe6 Qe7 39. Rf7+ Qxf7 40.
exf7 Kg7 41. b4 Kxf7 42. Kf3 Ke6 43. Ke4 d5+ 44. Kd3 Kf5 45. b5 Bf4 46. Be1
Bxg5 47. a5 Bd8 48. a6 Bc7 49. Bh4 Ke6 50. Bg5 Kf5 51. h4 Bf4 52. Bd8 Bb8 53.
Kd4 Ke6 54. Kd3 Kd7 55. Bg5 Bc7 56. Kd4 Ke6 57. Kd3 Kf5 1/2-1/2

[Event "12sen.WM-H Naumburg"]
[Site "Naumburg/Saale(20.10.-03.11.)"]
[Date "2002.11.02"]
[Round "11"]
[White "Zhukov, Viktor"]
[Black "Jaeger, Erich[30Neust]"]
[Result "1-0"]
[WhiteElo "2220"]
[BlackElo "1837"]
[PlyCount "59"]
[EventDate "2002.11.??"]

1. e4 c5 2. Nf3 e6 3. d4 cxd4 4. Nxd4 Nf6 5. Nc3 d6 6. Bc4 a6 7. Bb3 Be7 8. O-O
O-O 9. f4 e5 10. Nf5 Bxf5 11. exf5 Nc6 12. g4 Nd4 13. g5 Nd7 14. Bd5 Nb6 15.
Qg4 Qc8 16. fxe5 dxe5 17. Be4 Bc5 18. Kh1 Nc4 19. Nd5 Kh8 20. c3 Nc6 21. b4 Ba7
22. Qh4 Nd6 23. Bd3 Qd7 24. g6 fxg6 25. fxg6 Rxf1+ 26. Bxf1 h6 27. Bxh6 Kg8 28.
Bg5 Nf7 29. Bc4 Kf8 30. Rf1 1-0

[Event "12sen.WM-H Naumburg"]
[Site "Naumburg/Saale(20.10.-03.11.)"]
[Date "2002.11.02"]
[Round "11"]
[White "Zierott, Gert_ProfDr"]
[Black "Meiling, Hermann"]
[Result "0-1"]
[WhiteElo "1740"]
[BlackElo "2028"]
[PlyCount "120"]
[EventDate "2002.11.??"]

1. d4 d5 2. c4 e6 3. Nf3 Nf6 4. Nc3 Nbd7 5. Bg5 c6 6. e3 Qa5 7. Nd2 dxc4 8.
Bxc4 Qxg5 9. O-O Bb4 10. Qb3 Bxc3 11. bxc3 O-O 12. a4 Nb6 13. Bd3 Nbd5 14. Nf3
Qh6 15. Rfe1 a5 16. e4 Nf4 17. Bf1 Qh5 18. c4 Ng4 19. h3 Nh6 20. Qe3 g5 21. g4
Qg6 22. Ne5 Qg7 23. Qg3 f6 24. Nf3 e5 25. d5 Bd7 26. Nd2 Qe7 27. Qe3 Rfb8 28.
Nb3 b6 29. Red1 Nf7 30. Qd2 Qb4 31. Qc2 cxd5 32. exd5 Bxa4 33. Rab1 Bxb3 34.
Rxb3 Qd6 35. Rdb1 Qc7 36. Qf5 Kg7 37. Qc2 Nd6 38. Qc1 Ne4 39. Qc2 Nc5 40. Rb5
a4 41. Qd1 Qd6 42. Qc2 Nb3 43. Qc3 Nd4 44. Kh1 Nxb5 45. cxb5 Qxd5+ 46. Kg1 Rc8
47. Qa3 Qc5 48. Qb2 a3 49. Qd2 Qd4 50. Qa2 Qc3 51. Rd1 Ra7 52. Rd6 Qb2 53. Bc4
Qxa2 54. Bxa2 Rc1+ 55. Kh2 Rc2 56. Bb1 Rxf2+ 57. Kg3 Rg2+ 58. Kf3 a2 59. Bxa2
Raxa2 60. Rxb6 Rae2 0-1

[Event "12sen.WM-H Naumburg"]
[Site "Naumburg/Saale(20.10.-03.11.)"]
[Date "2002.11.02"]
[Round "11"]
[White "Zoltek, Tadeuz"]
[Black "Kachar, Vladimir"]
[Result "1-0"]
[WhiteElo "2317"]
[BlackElo "2373"]
[PlyCount "177"]
[EventDate "2002.11.??"]

1. Nf3 d5 2. d4 Nf6 3. c4 c6 4. Nc3 dxc4 5. a4 Bf5 6. e3 e6 7. Bxc4 Bb4 8. O-O
Nbd7 9. Qe2 Bg4 10. Rd1 O-O 11. e4 Qa5 12. h3 Bxf3 13. Qxf3 e5 14. d5 Nb6 15.
Bb3 Bxc3 16. bxc3 cxd5 17. Ba3 Rfe8 18. Bb4 Qa6 19. a5 Nbd7 20. exd5 Rac8 21.
Qe3 e4 22. c4 Rxc4 23. Bxc4 Qxc4 24. Qd4 Qxd4 25. Rxd4 Rc8 26. Be7 b6 27. axb6
axb6 28. Rb1 Rb8 29. d6 h6 30. Bxf6 Nxf6 31. d7 Rd8 32. Rxb6 Rxd7 33. Rb8+ Kh7
34. Rxd7 Nxd7 35. Rb7 Ne5 36. Rb4 e3 37. fxe3 f6 38. Rb7 h5 39. g3 h4 40. g4
Nf3+ 41. Kg2 Ng5 42. Rb5 Kh6 43. e4 Nxe4 44. Rh5+ Kg6 45. Rxh4 Kf7 46. Rh8 g5
47. Kf3 Nd6 48. Rd8 Ke7 49. Ra8 Ke6 50. Ra7 Nc4 51. Ke4 Nd6+ 52. Ke3 Nc4+ 53.
Kd4 Ne5 54. Ra6+ Kf7 55. Kd5 Nd3 56. Ra7+ Kg6 57. Ra3 Nf4+ 58. Kd6 Kf7 59. Rb3
Kg6 60. Rf3 Ng2 61. Ke7 Nf4 62. Ra3 Nd5+ 63. Kf8 Nf4 64. Ra7 Nxh3 65. Rg7+ Kh6
66. Rf7 Kg6 67. Ke7 Nf4 68. Rxf6+ Kg7 69. Rf5 Kg6 70. Ra5 Ng2 71. Ra6+ Kg7 72.
Ke6 Ne3 73. Ra4 Kg6 74. Ke5 Kh6 75. Re4 Ng2 76. Re2 Nf4 77. Ra2 Kg6 78. Ra6+
Kg7 79. Kf5 Nh3 80. Ra3 Nf2 81. Ra7+ Kh6 82. Ra6+ Kg7 83. Kxg5 Ne4+ 84. Kf4 Nc5
85. Ra5 Ne6+ 86. Kf5 Nd4+ 87. Ke4 Ne6 88. Ke5 Ng5 89. Kf5 1-0

[Event "12sen.WM-H Naumburg"]
[Site "Naumburg/Saale(20.10.-03.11.)"]
[Date "2002.11.02"]
[Round "11"]
[White "Zotin, Vladimir"]
[Black "Wilke, Dieter_Dr"]
[Result "0-1"]
[WhiteElo "2058"]
[BlackElo "1964"]
[PlyCount "70"]
[EventDate "2002.11.??"]

1. b3 d5 2. Bb2 Nf6 3. e3 Bf5 4. Nf3 e6 5. Be2 h6 6. d3 Nbd7 7. Nbd2 Bd6 8. O-O
O-O 9. c4 Qe7 10. Nd4 c6 11. Nxf5 exf5 12. g3 Ba3 13. Bxa3 Qxa3 14. Qc2 Rfe8
15. Bf3 Rac8 16. Rfe1 g6 17. Re2 Qd6 18. Rae1 Ne5 19. d4 Nxf3+ 20. Nxf3 b6 21.
Ne5 Nd7 22. Nd3 c5 23. dxc5 Nxc5 24. Nxc5 Qxc5 25. Rc1 dxc4 26. Qb1 b5 27. Rec2
Re7 28. Rc3 Rec7 29. bxc4 bxc4 30. e4 fxe4 31. Qxe4 Qb4 32. a3 Qa4 33. h4 Rc5
34. Kg2 Qc6 35. Kf3 Rf5+ 0-1

[Event "12sen.WM-H Naumburg"]
[Site "Naumburg/Saale(20.10.-03.11.)"]
[Date "2002.11.02"]
[Round "11"]
[White "Zunker, Reinhard_Dr"]
[Black "Fotland, Hans_Christian"]
[Result "1-0"]
[WhiteElo "2203"]
[BlackElo "1819"]
[PlyCount "120"]
[EventDate "2002.11.??"]

1. e4 c5 2. Nf3 Nc6 3. Bb5 g6 4. Bxc6 bxc6 5. O-O Bg7 6. Re1 Nf6 7. Nc3 O-O 8.
d3 Rb8 9. Rb1 d6 10. h3 e5 11. Be3 h6 12. Ne2 Ne8 13. Nh2 Kh7 14. c3 Qe7 15. f4
Nc7 16. Qd2 exf4 17. Nxf4 Ne6 18. Nf3 Nxf4 19. Bxf4 Be6 20. b3 Rbd8 21. d4 cxd4
22. cxd4 Bc8 23. Rbc1 Qb7 24. Qc2 d5 25. exd5 cxd5 26. Be5 Be6 27. Qe2 Rc8 28.
Bxg7 Kxg7 29. Qe5+ Kh7 30. Qf6 Rxc1 31. Rxc1 Rc8 32. Rxc8 Qxc8 33. Ne5 Kg8 34.
h4 h5 35. Kh2 Qe8 36. Kg3 Qc8 37. Kh2 Qe8 38. Nd3 Qd7 39. Nc5 Qc7+ 40. Qe5 Qe7
41. Kg3 Kh7 42. b4 Qe8 43. a4 Qc6 44. b5 Qb6 45. Qf6 Qa5 46. Kh2 Qb6 47. Qe7
Kg8 48. Qe8+ Kg7 49. Qe7 Kg8 50. Qf6 Kh7 51. Qe5 Kg8 52. Qe1 Kg7 53. g3 Kh7 54.
Qb4 Qd8 55. a5 Qf6 56. Qd2 Qf1 57. Nxe6 fxe6 58. Qb2 Qf8 59. b6 axb6 60. axb6
g5 1-0